| 000 | 00514cam a22002171 4500 | ||
|---|---|---|---|
| 001 | sa 68009244 | ||
| 003 | DLC | ||
| 005 | 20260227112541.0 | ||
| 008 | 940913s1968 ii 000 0 pano | ||
| 010 | _asa 68009244 | ||
| 025 | _aPL480:I-Pu-1259 | ||
| 035 | _a(OCoLC)31094809 | ||
| 040 |
_aDLC _cCU _dCU _dDLC |
||
| 042 | _apremarc | ||
| 050 | 0 | 0 |
_aPK2659.S587 _bN34 |
| 100 | 1 |
_aSingh, Sujan, _d1909- |
|
| 245 | 1 | 0 | _aNawāṃ raṅga. |
| 260 | _c[1968] | ||
| 300 |
_a144 p. _c19 cm. |
||
| 500 | _aIn Panjabi. | ||
| 999 |
_c82820 _d82820 |
||